[Event "MARCEL 1st Div Ch-League 2019"]
[Site "Dhaka"]
[Date "2019.11.16"]
[Round "5.7"]
[White "Islam, Mohammad Aminul"]
[Black "Md. Moniruzzaman, Masud"]
[Result "1-0"]
[WhiteElo "2078"]
[BlackElo "1828"]
[Annotator "NA RC"]
[PlyCount "36"]
[EventDate "2019.11.12"]
[EventCountry "BAN"]
[SourceTitle "playchess.com"]
[Source "ChessBase"]
[SourceQuality "1"]
[TimeControl "5400+30"]

{[%evp 8,36,127,124,194,197,197,202,201,174,177,177,204,191,245,182,158,185,179,163,161,148,170,147,215,194,222,36,61,49,127]} 1. c4 {[%emt 0:00:28]} Nf6 {[%emt 0:01:02]} 2. Nf3 {[%emt 0:00:10]} d5 {[%emt 0:01:46]} 3. cxd5 {[%emt 0:02:02]} Nxd5 {[%emt 0:01:20]} 4. e4 {[%emt 0:00:07]} Nb4 {[%emt 0:01:36]} 5. d4 {[%emt 0:01:03]} e5 {[%emt 0:01:35] [#]} (5... Nd7 $16 {might work better.} 6. a3 Nc6) 6. a3 $1 {[%emt 0:02:23]} ({Weaker is} 6. Nxe5 Qxd4 {[%mdl 64] Decoy} 7. Qxd4 (7. Bb5+ c6 $11) 7... Nc2+ {[%mdl 64] Double Attack} 8. Kd1 Nxd4 $11) (6. dxe5 Qxd1+ 7. Kxd1 Be6 $11) 6... N4c6 {[%emt 0:02:39] [#]} 7. d5 $1 {[%emt 0:01:19]} ({Worse is} 7. Nxe5 Qxd4 8. Nf3 Qxd1+ 9. Kxd1 Bc5 $11) ({Weaker is} 7. dxe5 Qxd1+ 8. Kxd1 Bc5 $11) 7... Ne7 {[%emt 0:05:22]} 8. Nxe5 {[%emt 0:00:28]} Ng6 {[%emt 0:00:39]} 9. Nc4 {[%emt 0:04:46]} c6 {[%emt 0:01:43]} 10. Nc3 {[%emt 0:00:26]} Bc5 {[%emt 0:02:50]} 11. Be3 {[%emt 0:03:35]} Bxe3 {[%emt 0:00:25]} 12. Nxe3 {[%emt 0:00:03]} O-O {[%emt 0:00:16]} 13. Be2 {[%emt 0:03:43]} Nf4 {[%emt 0:03:03]} 14. O-O {[%emt 0:01:27]} Qg5 {[%emt 0:00:41]} 15. g3 {[%emt 0:02:47]} Nxe2+ {[%emt 0:01:04]} (15... cxd5 $16 16. Ncxd5 (16. exd5 Nh3+ 17. Kg2 Nf4+ 18. Kh1 Nxe2 $16) (16. Nexd5 Nxe2+ 17. Qxe2 Bh3 $18) 16... Nxd5) 16. Qxe2 {[%emt 0:00:03]} Bh3 {[%emt 0:00:25]} 17. f4 $2 {[%emt 0:01:55]} (17. Rfd1 $18) 17... Bxf1 {[%emt 0:00:48]} 18. Rxf1 {[%emt 0:00:06]} ({Don't play} 18. fxg5 Bxe2 19. Nxe2 Nd7 $17) 18... Qe7 $16 {[%emt 0:00:28]} ({Black should try} 18... Qd8 $14) 1-0

[Event "MARCEL 1st Div Ch-League 2019"]
[Site "Dhaka"]
[Date "2019.11.16"]
[Round "5.8"]
[White "Shivshankar Iyer S"]
[Black "Avik, Sarker"]
[Result "0-1"]
[WhiteElo "1573"]
[BlackElo "1980"]
[Annotator "NA RC"]
[PlyCount "92"]
[EventDate "2019.11.12"]
[EventCountry "BAN"]
[SourceTitle "playchess.com"]
[Source "ChessBase"]
[SourceQuality "1"]
[TimeControl "5400+30"]

{[%evp 8,92,-1,8,0,-16,-4,0,7,-18,-19,-25,0,0,0,0,3,-6,40,1,23,45,68,30,12,18,50,-31,-29,0,-4,0,19,-156,-138,-258,-190,-558,-604,-573,-613,-581,32767,-485,-480,-468,-454,-493,-436,-491,32767,32767,32767,32767,32767,-498,-490,-4782,-5398,-5718,-29975,-29987,-29988,-29988,-544,-710,-555,-598,-347,-549,-704,-572,-631,-605,-711,-714,-652,-710,-671,-679,-685,-752,-763,-738,-1153,-852,-2750]} 1. d4 {[%emt 0:00:00]} d5 {[%emt 0:00:00]} 2. c4 {[%emt 0:00:32]} e6 {[%emt 0:00:00]} 3. Nc3 {[%emt 0:00:17]} Nf6 {[%emt 0:00:25]} 4. g3 {[%emt 0:01:05]} Be7 {[%emt 0:04:17]} 5. Bg2 {[%emt 0:01:06]} O-O {[%emt 0:01:08]} 6. Nf3 {[%emt 0:00:14]} dxc4 {[%emt 0:01:51]} 7. Ne5 {[%emt 0:01:26]} c5 {[%emt 0:10:22]} 8. e3 {[%emt 0:00:17] E06: Closed Catalan: Early deviations} (8. dxc5 Qxd1+ 9. Nxd1 Bxc5 10. O-O Nd5 11. Ne3 Nc6 12. N3xc4 Nxe5 13. Nxe5 Bd4 14. Nd3 {½-½ (14) Nakamura,H (2761)-Radjabov,T (2759) Moscow 2019}) 8... cxd4 {[%emt 0:05:22]} 9. exd4 {[%emt 0:00:08]} Nd5 {[%emt 0:07:46]} 10. Nxc4 $146 {[%emt 0:04:09]} ({Predecessor:} 10. O-O a6 11. Nxc4 Nb6 12. Ne5 N8d7 13. Be3 Nxe5 14. dxe5 Nc4 15. Bd4 Nxb2 16. Qh5 Ba3 17. Ne4 Be7 18. Bxb2 {1-0 (18) Cucchiani,C (1974)-Duttweiler,R (1724) Zuerich 2002}) 10... Nc6 {[%emt 0:04:00]} 11. O-O {[%emt 0:00:24]} Bf6 {[%emt 0:01:52]} 12. Be3 {[%emt 0:00:34]} a6 {[%emt 0:11:09]} 13. a4 {[%emt 0:01:35]} Nde7 {[%emt 0:08:59]} 14. d5 {[%emt 0:09:23]} exd5 {[%emt 0:07:34]} 15. Nb6 {[%emt 0:04:56]} ({But not} 15. Bxd5 Bxc3 16. Bxc6 Bxb2 $15) 15... d4 {[%emt 0:00:41]} 16. Nxa8 {[%emt 0:00:10]} Bf5 {[%emt 0:08:25]} 17. g4 {[%emt 0:05:25]} (17. Nc7 $14 Qxc7 18. Bf4) 17... Be6 {[%emt 0:08:31]} 18. g5 {[%emt 0:03:25]} Be5 {[%emt 0:00:43]} 19. f4 {[%emt 0:01:30]} Bb8 {[%emt 0:01:28]} (19... Nf5 $15 20. Bc1 Bb8) 20. Bxc6 $2 {[%emt 0:02:26]} (20. Bf2 $1 $11) 20... Nxc6 {[%emt 0:01:50]} 21. f5 $2 {[%emt 0:00:23]} (21. Bf2 $17 {keeps fighting.}) 21... Bc4 {[%emt 0:01:26]} 22. Qh5 $2 {[%emt 0:00:58]} (22. Rf3 Ne5 23. Rh3) 22... Bxf1 {[%emt 0:02:42]} 23. Rxf1 {[%emt 0:01:15]} dxe3 {[%emt 0:01:57]} 24. Rd1 {[%emt 0:04:44] [#]} e2 $1 {[%emt 0:02:25]} 25. Qxe2 {[%emt 0:00:53]} Ba7+ {[%emt 0:00:47] Discovered Attack} 26. Kh1 {[%emt 0:00:13]} Qxa8 {[%emt 0:00:12]} 27. Nd5 {[%emt 0:02:11] [#]} b5 $1 {[%emt 0:01:08]} 28. Qg2 {[%emt 0:01:03]} Kh8 {[%emt 0:03:30]} 29. axb5 {[%emt 0:01:08]} axb5 {[%emt 0:00:44]} 30. Rc1 {[%emt 0:03:25]} Nd4 31. f6 {[%emt 0:04:04]} gxf6 {[%emt 0:02:22]} 32. gxf6 {[%emt 0:00:16]} (32. Nxf6 $142 Nf3 33. Rf1 Nxg5 34. Qxa8 Rxa8 35. Ra1) 32... Rg8 {[%emt 0:00:38]} 33. Qe4 {[%emt 0:00:20] [#]} Ne2 $1 {[%emt 0:01:04]} 34. Re1 {[%emt 0:01:47] [#]} Nf4 $1 {[%emt 0:00:49] Back Rank} 35. Nc3 {[%emt 0:00:05] [#]} Qxe4+ {[%emt 0:00:29]} (35... Nd3 $142 $1 36. Rf1 {[#]} Rg1+ $1 {[%mdl 576] Deflection} 37. Rxg1 Nf2+ {[%mdl 64] Double Attack, Pin} 38. Kg2 Nxe4 {[%mdl 64] Discovered Attack} 39. Re1 Nxf6+ {[%mdl 64] Discovered Attack} 40. Ne4 Nxe4 41. Kf3 Nd2+ $1 {[%mdl 576] Discovered Attack (Double check)} 42. Ke2 Nc4 43. h3 Qe4+ 44. Kd1 Qd4+ 45. Ke2 Qe3+ {[%mdl 64] Double Attack} 46. Kf1 Qf3#) 36. Nxe4 {[%emt 0:00:05] [#]} Nd3 $1 {[%emt 0:00:37]} 37. Ra1 {[%emt 0:00:23]} Nf2+ {[%emt 0:00:39]} 38. Nxf2 {[%emt 0:00:06]} Bxf2 {[%emt 0:00:02]} 39. h3 {[%emt 0:00:18]} Bd4 {[%emt 0:00:19] Double Attack} 40. Ra5 {[%emt 0:01:06]} Rb8 {[%emt 0:00:26]} 41. b3 {[%emt 0:00:28]} Bxf6 {[%emt 0:00:10]} 42. Kg2 {[%emt 0:00:14]} Bc3 {[%emt 0:00:25]} 43. Ra7 {[%emt 0:00:35]} Kg7 {[%emt 0:00:11]} 44. Kf3 {[%emt 0:00:14]} Re8 {[%emt 0:00:35]} 45. Rb7 {[%emt 0:00:31]} b4 {[%emt 0:00:10]} 46. Rd7 {[%emt 0:00:14]} Re1 $19 {[%emt 0:00:07]} 0-1

[Event "MARCEL 1st Div Ch-League 2019"]
[Site "Dhaka"]
[Date "2019.11.16"]
[Round "5.9"]
[White "Yasir Ali, Khan Evan"]
[Black "Subhayan Kundu"]
[Result "0-1"]
[WhiteElo "1930"]
[BlackElo "2269"]
[Annotator "TA"]
[PlyCount "92"]
[EventDate "2019.11.12"]
[EventCountry "BAN"]
[SourceTitle "playchess.com"]
[Source "ChessBase"]
[SourceQuality "1"]

{[%evp 11,92,11,10,-3,18,0,8,0,0,0,0,-29,-25,-39,-29,-46,0,0,0,-64,-63,-57,0,-8,42,27,68,0,18,18,38,-27,-23,-37,-31,-29,-22,-18,-33,-52,-47,-55,-65,-147,-119,-169,-120,-227,-221,-320,-277,-325,-312,-305,-294,-404,-401,-405,-398,-389,-406,-373,-387,-470,-412,-481,-478,-433,-314,-311,-302,-303,-295,-290,-279,-317,-259,-310,-318,-608,-513,-5030,-5022]} 1. e4 e6 2. Nf3 d5 3. Nc3 Nf6 4. exd5 exd5 5. d4 c6 6. Bd3 Bd6 7. O-O {C01: French: Exchange Variation} (7. Qe2+ Qe7 8. Qxe7+ Bxe7 9. O-O O-O 10. Re1 Re8 11. Bg5 Be6 12. Ne2 h6 13. Bf4 g5 14. Be3 Ne4 15. h4 f6 16. Nc3 Nxc3 17. bxc3 Bf7 {½-½ (32) Moiseenko,V (2519)-Spyropoulos,N (2409) Anogia 2019}) 7... Be6 8. Ng5 $146 ({Predecessor:} 8. Re1 O-O 9. Bg5 Nbd7 10. Ne5 Re8 11. Nxd7 Bxd7 12. Rxe8+ Bxe8 13. Qf3 {1-0 (40) Oez,M (1321)-Gan,L (1225) Burg Ortenberg 2018}) 8... O-O 9. Nxe6 {The position is equal.} fxe6 10. Qe2 Re8 11. Qf3 Nbd7 12. Be3 e5 {[#] aiming for ...e4.} 13. Bf5 e4 14. Qh3 Nf8 15. Rae1 (15. f3 $11) 15... g6 $15 16. Bg4 $1 Qb6 (16... Nxg4 $15 17. Qxg4 Qd7 18. Qxd7 Nxd7) 17. Nd1 h5 18. Be2 Ne6 19. c3 (19. f4 $1 $14) 19... c5 20. dxc5 Bxc5 21. b4 (21. Kh1 $14) 21... Bxe3 $11 22. fxe3 Kg7 $1 23. Rf2 Qd6 24. Ref1 Rf8 25. Qh4 {[%cal Rf2f6]} Qe5 26. a4 a5 27. b5 ({White should play} 27. bxa5 $15 Rxa5 28. Bb5) 27... b6 28. g4 Qg5 $36 {[%mdl 2048] Black is on the roll.} 29. Qxg5 (29. Qg3 $17 {was worth a try.} Nxg4 30. Rxf8 Rxf8 31. Rxf8 Kxf8 32. Bxg4 Qxg4 33. Qxg4 hxg4 34. Kg2) 29... Nxg5 $19 30. Kg2 (30. Kh1 $142 hxg4 31. Bxg4) 30... hxg4 31. Kg3 Nf3 32. h3 gxh3 33. Bxf3 exf3 34. Rxf3 Ne4+ 35. Kh2 Rxf3 36. Rxf3 {[%mdl 4096] Endgame KRN-KRN} Rc8 37. Nf2 Rxc3 {And now ...Rc2 would win.} 38. Nxh3 {[#] If White can now play Nf4 this consolidates a bit.} d4 $1 {[%mdl 512]} 39. Nf4 {intending Ne6+.} (39. exd4 Rxf3) 39... Rxe3 40. Ne6+ Kh6 41. Rf8 {[%cal Rf8h8]} Kh5 {...d3 is the strong threat.} ({Much less strong is} 41... Re2+ 42. Kg1 $19) 42. Nxd4 Nc5 43. Rf6 Nxa4 44. Kg2 Rd3 45. Rf4 $2 (45. Nf3 Rb3 46. Rf8 Rb2+ 47. Kg3) 45... g5 46. Re4 (46. Ne2 $142 Nc3 47. Rf2 Nxb5 48. Ng3+ Kg4 49. Ne4) 46... Nc5 {Accuracy: White = 24%, Black = 60%.} 0-1

[Event "MARCEL 1st Div Ch-League 2019"]
[Site "Dhaka"]
[Date "2019.11.16"]
[Round "5.10"]
[White "Roy, Prantik"]
[Black "Mohammad, Hasan Mia"]
[Result "1-0"]
[WhiteElo "2349"]
[BlackElo "1743"]
[Annotator "TA"]
[PlyCount "85"]
[EventDate "2019.11.12"]
[EventCountry "BAN"]
[SourceTitle "playchess.com"]
[Source "ChessBase"]
[SourceQuality "1"]

{[%evp 14,85,-16,0,26,-2,18,-26,-24,-10,34,28,60,56,45,32,42,38,38,37,42,45,60,51,56,54,60,47,49,14,31,7,22,27,66,50,111,85,172,162,159,166,179,177,289,273,606,588,558,755,747,760,759,755,744,737,703,673,660,633,854,823,1306,1285,1281,1163,3247,3066,12837,12218,3122,968,12839,2366]} 1. d4 d5 2. c4 c6 3. Nf3 Nf6 4. Nc3 e6 5. e3 Be7 6. Qc2 Nbd7 7. g4 dxc4 8. Bxc4 Nd5 {D45: Semi-Slav: 5 e3} (8... b5 9. Bd3 Bb7 10. g5 Nd5 11. Nxd5 cxd5 12. h4 Rc8 13. Qe2 b4 14. Bd2 O-O 15. h5 a5 16. g6 fxg6 17. hxg6 {½-½ (40) Krasenkow,M (2647)-Hoffmann,M (2477) Germany 2006}) 9. Bd2 (9. e4 $5 {[%cal Re4d5]} Nxc3 10. bxc3 $11) 9... a6 10. Nxd5 $146 ({Predecessor:} 10. a3 b5 11. Be2 Bb7 12. Ne4 Qc7 13. Nc5 Nxc5 14. dxc5 a5 15. h4 {1-0 (29) Housieaux,D (2436)-Roos,D (2389) Mulhouse 2011}) 10... exd5 {Black has an edge.} 11. Bd3 Nf8 12. Rg1 g6 13. O-O-O Be6 14. Ne1 h5 15. h3 $1 hxg4 16. hxg4 Qc7 17. f4 Bd7 18. Nf3 O-O-O 19. Ne5 Be8 20. g5 Bd6 21. Rh1 (21. Bc3 {keeps more tension.} Bxe5 22. fxe5 Ne6 23. Kb1 Kb8 24. Rdf1) 21... Bxe5 22. dxe5 Rxh1 23. Rxh1 Ne6 24. Rh7 $36 {[%mdl 2048] And now Bxg6! would win. Black is under pressure.} Qb6 ({Better is} 24... Kb8 $14) 25. Qb3 $16 Qa7 (25... Qxb3 $16 {is a better defense.} 26. axb3 Kb8) 26. Be2 d4 27. Bg4 Qc5+ 28. Kb1 Qd5 (28... b6 $142 29. a4 (29. Bxe6+ fxe6 30. a4 d3 $16) 29... d3) 29. Qxd5 $18 Rxd5 $2 (29... cxd5 30. exd4 Bd7) 30. e4 {White is clearly winning.} Rd8 31. Ba5 b6 32. Bxb6 Rd7 33. Rh8 Kb7 34. Rxe8 Kxb6 35. Bxe6 fxe6 36. Rxe6 {[%mdl 4096] Endgame KR-KR} d3 {[#] ( -> ...d2)} 37. Kc1 Kb5 38. Rxg6 Rd4 39. Kd2 c5 40. Rd6 {[#] Threatening mate with Rxd4.} Rxe4 41. Rxd3 Rxf4 42. Rg3 (42. Re3 $142 Kc4 43. e6 Rd4+ 44. Kc1) 42... Re4 43. g6 {Accuracy: White = 81%, Black = 37%.} (43. Re3 $142 Rd4+ 44. Kc3 Rc4+ 45. Kd3 Rd4+ 46. Kc2) 1-0

[Event "MARCEL 1st Div Ch-League 2019"]
[Site "Dhaka"]
[Date "2019.11.16"]
[Round "5.11"]
[White "Mohammad Salman, Munshi"]
[Black "Nayem, Haque"]
[Result "1/2-1/2"]
[WhiteElo "1593"]
[BlackElo "1875"]
[Annotator "NA RC"]
[PlyCount "104"]
[EventDate "2019.11.12"]
[EventCountry "BAN"]
[SourceTitle "playchess.com"]
[Source "ChessBase"]
[SourceQuality "1"]
[TimeControl "5400+30"]

{[%evp 8,104,0,4,8,12,13,-2,8,-3,0,10,28,-8,20,10,14,14,63,4,26,21,33,32,79,99,581,594,791,762,928,889,824,912,868,954,1130,1038,954,1408,1043,1291,1314,1210,29994,817,870,745,674,685,631,465,416,368,385,32767,32767,272,263,247,255,267,283,253,308,233,302,127,151,0,198,152,32767,32767,302,287,311,32767,32767,32767,32767,32767,32767,32767,32767,8,32,8,134,70,71,47,76,56,22,0,0,0,0]} 1. d4 {[%emt 1:30:30]} d5 {[%emt 1:30:30]} 2. Bg5 {[%emt 0:00:30]} Nf6 {[%emt 0:00:30]} 3. e3 {[%emt 0:00:30]} e6 {[%emt 0:00:30]} 4. Bd3 {[%emt 0:00:30]} Be7 {[%emt 0:00:30]} 5. Nf3 {[%emt 0:00:30]} Nbd7 {[%emt 0:00:30]} 6. O-O {[%emt 0:00:30] D03: 1 d4 d5 2 Nf3 Nf6 3 Bg5, including Torre Attack with early ...d5} (6. Nbd2 c5 7. c3 b6 8. O-O Bb7 9. a4 a6 10. Qb1 Rc8 11. b4 cxb4 12. cxb4 Rc3 13. b5 a5 14. Rc1 Rxc1+ 15. Qxc1 Qb8 16. Ne5 Nxe5 17. dxe5 {1-0 (27) Romanov,E (2577)-Shimanov,A (2615) Yaroslavl 2019}) 6... O-O {[%emt 0:00:30]} 7. c4 {[%emt 0:00:30]} h6 {[%emt 0:00:30]} 8. Bf4 {[%emt 0:00:30]} c5 {[%emt 0:00:30]} 9. cxd5 $146 {[%emt 0:00:30]} ({Predecessor:} 9. Nc3 cxd4 10. exd4 dxc4 11. Bxc4 Nb6 12. Bb3 Nbd5 13. Nxd5 Nxd5 14. Bxd5 Qxd5 15. Re1 Bd6 16. Bxd6 Qxd6 17. Qe2 Rd8 {½-½ (17) Pecka,J (1383)-Mareska,D (1697) Klatovy 2018}) 9... exd5 {[%emt 0:00:30]} 10. b3 {[%emt 0:00:30]} ({White should try} 10. Nc3 $14) 10... b6 {[%emt 0:00:30]} 11. Nc3 {[%emt 0:00:30]} Bb7 {[%emt 0:00:30]} 12. Rc1 {[%emt 0:00:30]} a6 {[%emt 0:00:30]} 13. Ne2 {[%emt 0:00:30]} ({White should play} 13. Nh4 $14) 13... Ne4 {[%emt 0:00:30]} 14. Ne5 {[%emt 0:00:30]} Nxe5 {[%emt 0:00:30]} 15. Bxe5 {[%emt 0:00:30]} cxd4 {[%emt 0:00:30]} 16. Nxd4 {[%emt 0:00:30]} Qd7 $2 {[%emt 0:00:30]} (16... Bc5 $16 {lives longer.}) 17. Rc7 {[%emt 0:00:30]} Qe8 {[%emt 0:00:30]} 18. Rxb7 {[%emt 0:00:30]} Bd8 {[%emt 0:00:30] [#]} 19. Bxg7 $1 {[%emt 0:00:30]} Kxg7 {[%emt 0:00:30]} 20. Nf5+ {[%emt 0:00:30]} Kh8 {[%emt 0:00:30]} 21. Nxh6 {[%emt 0:00:30]} Qe6 {[%emt 0:00:30]} 22. Qh5 {[%emt 0:00:30]} Kg7 {[%emt 0:00:30]} 23. Nf5+ {[%emt 0:00:30]} Kg8 {[%emt 0:00:30]} 24. Bxe4 {[%emt 0:00:30]} dxe4 {[%emt 0:00:30]} 25. Rd1 {[%emt 0:00:30]} Qg6 {[%emt 0:00:30]} 26. Qh3 {[%emt 0:00:30]} (26. Qxg6+ $142 fxg6 27. Nh6+ Kh8 28. Rdd7 Rf7 29. Rxf7 Bc7 30. Rfxc7 g5 31. Rh7#) 26... Bf6 {[%emt 0:00:30]} 27. Rxb6 {[%emt 0:00:30]} Rad8 {[%emt 0:00:30]} 28. Rf1 {[%emt 0:00:30]} Rfe8 {[%emt 0:00:30]} 29. Qg3 {[%emt 0:00:30]} Qxg3 {[%emt 0:00:30]} 30. hxg3 {[%emt 0:00:30]} ({Don't take} 30. Nxg3 Be5 $18) 30... Re6 {[%emt 0:00:30]} 31. Rxe6 {[%emt 0:00:30]} fxe6 {[%emt 0:00:30]} 32. Nd4 {[%emt 0:00:30]} Bxd4 {[%emt 0:00:30]} 33. exd4 {[%emt 0:00:30]} Rxd4 {[%emt 0:00:30]} 34. Re1 {[%emt 0:00:30]} Kf7 {[%emt 0:00:30]} 35. Re2 {[%emt 0:00:30]} Kf6 {[%emt 0:00:30]} 36. Kh2 {[%emt 0:00:30]} Kf5 $1 $11 {[%emt 0:00:30]} 37. Kh3 {[%emt 0:00:30]} (37. f3 $18) 37... Rd8 {[%emt 0:00:30]} 38. Kh2 {[%emt 0:00:30]} (38. g4+ $16 Kf4 39. Kh2) 38... Rd3 $2 {[%emt 0:00:30]} 39. Rc2 {[%emt 0:00:30]} Rd1 {[%emt 0:00:30]} 40. Rb2 {[%emt 0:00:30]} Ke5 {[%emt 0:00:30]} (40... a5 $16 41. Rc2 e5) 41. b4 {[%emt 0:00:30]} Kd4 {[%emt 0:00:30]} (41... Ra1 {was worth a try.} 42. b5 axb5 43. Rxb5+ Kd4) 42. b5 axb5 43. Rxb5 Rd2 44. Kg1 Rxa2 45. Rb1 Rd2 46. g4 {[%emt 0:02:30]} (46. Rb4+ $16 Ke5 47. f3) 46... Ke5 {[%emt 0:02:30]} 47. g3 {[%emt 0:00:30]} Rd5 {[%emt 0:00:30]} ({Better is} 47... Kf6 $14) 48. Rb8 {[%emt 0:00:30]} (48. Re1 $16) 48... Rd2 {[%emt 0:00:30]} 49. Kf1 {[%emt 0:00:30]} Ra2 {[%emt 0:00:30]} (49... e3 $1 $11) 50. Rf8 {[%emt 0:00:30]} Ra7 {[%emt 0:00:30]} 51. Rg8 {[%emt 0:00:30]} Ra1+ {[%emt 0:00:30]} 52. Kg2 {[%emt 0:00:30]} Ra2 $11 {[%emt 0:00:30]} 1/2-1/2

[Event "MARCEL 1st Div Ch-League 2019"]
[Site "Dhaka"]
[Date "2019.11.16"]
[Round "5.12"]
[White "Islam, Sheik Md. Khairul"]
[Black "Md. Nasim Hossain, Bhuiyan"]
[Result "1-0"]
[WhiteElo "1966"]
[BlackElo "1801"]
[Annotator "NA RC"]
[PlyCount "30"]
[EventDate "2019.11.12"]
[EventCountry "BAN"]
[SourceTitle "playchess.com"]
[Source "ChessBase"]
[SourceQuality "1"]
[TimeControl "5400+30"]

{[%evp 8,30,38,38,41,15,28,25,52,20,22,14,19,0,37,37,113,91,92,93,106,109,119,24,131]} 1. e4 {[%emt 1:30:30]} e5 {[%emt 1:30:30]} 2. Nf3 {[%emt 0:00:30]} Nc6 {[%emt 0:00:30]} 3. Bc4 {[%emt 0:00:30]} Nf6 {[%emt 0:00:30]} 4. d3 {[%emt 0:00:30]} Be7 {[%emt 0:00:30]} 5. O-O {[%emt 0:00:30]} O-O {[%emt 0:00:30]} 6. c3 {[%emt 0:00:30]} d5 {[%emt 0:00:30]} 7. exd5 {[%emt 0:00:30]} Nxd5 {[%emt 0:00:30]} 8. Re1 {[%emt 0:00:30]} Nb6 {[%emt 0:00:30]} 9. Bb3 {[%emt 0:00:30]} Bg4 {[%emt 0:00:30]} 10. Qe2 {[%emt 0:00:30]} Bf6 {[%emt 0:00:30]} 11. Nbd2 {[%emt 0:00:30]} g6 {[%emt 0:00:30]} (11... a5 $14) 12. h3 {[%emt 0:00:30]} Bf5 {[%emt 0:00:30]} 13. Ne4 {[%emt 0:00:30]} Bg7 {[%emt 0:00:30]} 14. Bg5 {[%emt 0:00:30]} Qc8 {[%emt 0:00:30]} 15. Qe3 {[%emt 0:00:30]} (15. Nf6+ $16 Kh8 16. Nxe5) 15... Nd7 $16 {[%emt 0:00:30]} (15... a5 $11 {remains equal.}) 1-0

[Event "MARCEL 1st Div Ch-League 2019"]
[Site "Dhaka"]
[Date "2019.11.17"]
[Round "6.1"]
[White "Suvradeepta, Das"]
[Black "Singh, Soram Rahul"]
[Result "1-0"]
[WhiteElo "1997"]
[BlackElo "2104"]
[Annotator "TA"]
[PlyCount "61"]
[EventDate "2019.11.12"]
[EventCountry "BAN"]
[SourceTitle "playchess.com"]
[Source "ChessBase"]
[SourceQuality "1"]

{[%evp 21,61,12,14,12,4,4,13,8,29,31,17,32,53,23,15,18,26,6,27,16,18,13,10,10,4,4,9,7,31,19,501,476,509,499,526,522,1272,1247,5770,5481,4870,1981]} 1. c4 e6 2. Nf3 d5 3. g3 Nf6 4. Bg2 Be7 5. O-O O-O 6. d4 dxc4 7. Qc2 a6 8. a4 Bd7 9. Qxc4 Bc6 10. Bg5 Nbd7 11. Nc3 h6 12. Bxf6 {E05: Open Catalan: 5 Nf3 Be7} Nxf6 13. Rfd1 Qd6 (13... Bd5 14. Qd3 Bxf3 15. Bxf3 c6 16. e3 a5 17. h4 h5 18. e4 g6 19. Qe3 Re8 {1-0 (47) Grischuk,A (2759)-Dominguez Perez,L (2763) Khanty-Mansiysk 2019}) 14. Qd3 {The position is equal.} Nd5 $146 (14... Bxf3 $5 15. Bxf3 c6 $11) ({Predecessor:} 14... Bxf3 15. Bxf3 c6 16. b4 Nd5 17. Ne4 Qc7 18. b5 cxb5 19. axb5 Nb4 {1-0 (32) Oberhofer,C (2243)-Hesse,H (2166) Willingen 2019}) 15. e4 Nb4 16. Qe2 b6 17. d5 exd5 18. exd5 Bb7 19. Ne4 Qd8 20. Ne5 Nxd5 ({Don't go for} 20... Bxd5 $2 21. Nc3 $18) 21. Qc4 {Hoping for Rac1.} b5 22. axb5 axb5 23. Qxb5 Rxa1 24. Rxa1 Qc8 25. Nc5 $36 {[%mdl 2048] White is pushing.} Ba8 $2 {[%mdl 8192] [#]} (25... Bxc5 $1 $11 {and Black stays safe.} 26. Qxc5 Nf6) 26. Ncd7 $18 {White is clearly winning.} c6 27. Qc4 Bd6 28. Nxf8 Bxe5 29. Bxd5 {[%mdl 64] Intending Ng6 and mate. Pin} Qxf8 {[#]} 30. Bxf7+ $1 {[%mdl 512]} Kh8 (30... Qxf7 31. Rxa8+) 31. Re1 {Accuracy: White = 60%, Black = 39%.} 1-0

[Event "MARCEL 1st Div Ch-League 2019"]
[Site "Dhaka"]
[Date "2019.11.17"]
[Round "6.2"]
[White "S.A.M., Nasir"]
[Black "Sarbojit, Paul"]
[Result "0-1"]
[WhiteElo "2002"]
[BlackElo "2074"]
[Annotator "NA RC"]
[PlyCount "46"]
[EventDate "2019.11.12"]
[EventCountry "BAN"]
[SourceTitle "playchess.com"]
[Source "ChessBase"]
[SourceQuality "1"]
[TimeControl "5400+30"]

1. Nf3 {[%emt 0:00:00]} d5 {[%emt 0:08:56]} 2. g3 {[%emt 0:00:00]} c6 {[%emt 0:00:14]} 3. Bg2 {[%emt 0:00:01]} Bg4 {[%emt 0:00:05]} 4. h3 {[%emt 0:00:25]} Bh5 {[%emt 0:00:10]} 5. O-O {[%emt 0:00:24]} Nd7 {[%emt 0:00:05]} 6. d4 {[%emt 0:02:19]} Ngf6 {[%emt 0:01:07]} 7. Nbd2 {[%emt 0:12:01]} e6 {[%emt 0:00:12]} 8. b3 {[%emt 0:03:12]} Be7 {[%emt 0:00:29]} 9. Bb2 {[%emt 0:01:19]} a5 {[%emt 0:01:01]} 10. a4 {[%emt 0:01:09]} O-O {[%emt 0:00:34]} 11. Ne5 $11 {[%emt 0:05:58]} Nxe5 {[%emt 0:15:02]} 12. dxe5 {[%emt 0:00:28]} Nd7 {[%emt 0:00:10]} 13. g4 {[%emt 0:10:17]} Bg6 {[%emt 0:00:06]} 14. e4 {[%emt 0:04:36]} f6 {[%emt 0:09:29]} 15. f4 {[%emt 0:11:53]} fxe5 {[%emt 0:01:54]} 16. fxe5 {[%emt 0:00:27]} Qb6+ {[%emt 0:02:45]} 17. Kh1 {[%emt 0:02:16]} Rxf1+ {[%emt 0:01:01]} 18. Nxf1 {[%emt 0:03:11]} Rf8 {[%emt 0:02:46]} 19. exd5 {[%emt 0:00:59]} cxd5 {[%emt 0:02:27]} 20. c4 {[%emt 0:05:47]} Nc5 {[%emt 0:11:27]} 21. cxd5 {[%emt 0:08:08]} Nd3 {[%emt 0:00:29]} 22. Qe2 {[%emt 0:03:05]} Rf2 {[%emt 0:40:31]} 23. Qxf2 {[%emt 0:08:10]} Qxf2 {[%emt 0:00:00]} 0-1